Imperialismo y clases sociales en el Caribe /

Guardado en:
Bibliografiske detaljer
Hovedforfatter: Vilas, Carlos
Andre forfattere: Corten, André Acosta, Mercedes Duarte, Isis
Format: Texto
Udgivet: Buenos Aires: Cuenca Ediciones
Tags: Tilføj Tag
Ingen Tags, Vær først til at tagge denne postø!

MARC

LEADER 00000 a a2200000 04500
001 25025
003
040
090 |a 178100  
100 |a Vilas, Carlos  
245 |a Imperialismo y clases sociales en el Caribe /  |c Carlos Vilas  
260 |a Buenos Aires:   |b Cuenca Ediciones  
300 |a 234 p.   |b **no definido**  
700 |a Corten, André   |a Acosta, Mercedes   |a Duarte, Isis  
999 |c 2396  |d 2396